| 000 | 01021nam0a22002531 4500 | ||
|---|---|---|---|
| 001 | rc\2644047 | ||
| 005 | 20260406113210.0 | ||
| 035 | _a(NLR Aleph) 006951840 | ||
| 090 |
_a5255256 _c5255256 |
||
| 100 | _a20110607f19171994|||y0rusy50 ca | ||
| 101 | 0 | _arus | |
| 102 | _aRU | ||
| 105 | _ay z ||||| | ||
| 200 | 1 |
_aДонбасс героический _eОчерки шахтера _fК. Гудок-Еремеев _gС предисл. М. Горького |
|
| 210 |
_a[Москва] _cМоск. т-во писателей _dБ. г. _g6-я тип. Транспечати |
||
| 215 |
_a160 с. _d21х15 см |
||
| 700 | 1 |
_7ca _8rus _aГудок-Еремеев _bК. А. _cшахтер, литератор _f1897-1943 _gКонстантин Афанасьевич _9208954 _3RU\NLR\AUTH\770209008 |
|
| 702 | 1 |
_4080 _8rus _7ca _aГорький _bМ. _f1868-1936 _gМаксим _3RU\NLR\AUTH\77104 _9110200 |
|
| 801 | 0 |
_aRU _bNLR _gpsbo |
|
| 801 | 1 |
_aRU _bELAR _2rusmarc |
|
| 852 |
_aNLR _j31-3/358 |
||
| 942 | _cBOOK | ||
| 980 | _aNB | ||